|
|
|
|
| LEADER |
00701cam a2200193 7i4500 |
| 001 |
0000015313 |
| 005 |
20170721090000.0 |
| 020 |
|
|
|a 0761929797 (hbk.)
|
| 020 |
|
|
|a 9780761929796
|
| 090 |
0 |
0 |
|a LB2805
|b .S24 2004
|
| 245 |
0 |
4 |
|a The SAGE handbook of educational leadership :
|b advances in theory, research and practice
|c Fenwick W. English, editor.
|
| 260 |
|
|
|a Thousand Oaks:
|b SAGE PUb.,
|c 2004.
|
| 300 |
|
|
|a xxiii, 608 p.;
|c 26 cm.
|
| 650 |
0 |
0 |
|a Academic leadership
|
| 650 |
0 |
0 |
|a School administration
|
| 650 |
0 |
0 |
|a Educational leadership
|
| 650 |
0 |
0 |
|a School supervision
|
| 997 |
|
|
|a Education & Social Sciences, Faculty
|b Education, Department
|
| 999 |
|
|
|a 0000039379
|b BOK
|c REFERENCE
|e 2nd Floor, Shah Alam
|